| 000 | 00605nam a2200205 i 4500 | ||
|---|---|---|---|
| 001 | 130191 | ||
| 003 | ES-MaACL | ||
| 005 | 20231027063027.0 | ||
| 007 | t| | ||
| 008 | 070723s1930 fr ||||1| fre d | ||
| 100 | 1 |
_aZweig, Stefan, _d1881-1942 _9118562 |
|
| 245 | 1 | 0 |
_aCasanova / _cStefan Zweig ; traduit de l'alleman par Alzir Hella et Olivier Bournac. |
| 250 | _a7e ed. | ||
| 260 |
_aParis : _bVictor Attinger, _c1930. |
||
| 300 |
_a183 p. ; _c19 cm. |
||
| 700 | 1 |
_aHella, Alzir. _962433 |
|
| 700 | 1 |
_aBournac, Olivier. _931008 |
|
| 852 |
_aES-MaACL _jA-2242 |
||
| 999 |
_c130191 _d130191 |
||